| 000 | 00662nam a2200217 i 4500 | ||
|---|---|---|---|
| 001 | 0008123172 | ||
| 003 | OSt | ||
| 005 | 20260310202444.0 | ||
| 008 | 260303 2026 quc fre | ||
| 020 | _a9782898820014 | ||
| 040 |
_aQMBND _bfre _erda _cQMBND |
||
| 082 | _aRJ L328sma (ADO) | ||
| 100 | 1 | _aLarochelle, Alexandra | |
| 245 | 0 | 0 | _aFracture du coeur et parfum sexy |
| 264 | 1 |
_bďitions Michel Quintin, _c2026 |
|
| 336 |
_atexte _btxt _2rdacontent |
||
| 337 |
_asans mďiation _bn _2rdamedia |
||
| 338 |
_avolume _bnc _2rdacarrier |
||
| 942 |
_2ddc _cROM JEUNE |
||
| 999 |
_c18781 _d18781 |
||